000 00736nam a2200229Ii 4500
003 JO-AjNU
008 230605s9999||||xx |||||||||||||| ||und||
017 _a2017/12/6255
020 _a978-9957-94-458-2
040 _aJO-AjNU
_bara
_erda
_cJO-AjNU
041 _aara
050 1 4 _aPJ7852.A77.A91 2018
100 3 _aنصير، مهدي,
_eauthor
_958737
245 0 0 _aإيقاعات ثمودية
264 3 1 _aعمان: وزارة الثقافة، 2018
300 _a186ص
336 _atext
_btxt
_2rdacontent
337 _aunmediated
_bn
_2rdamedia
338 _avolume
_bnc
_2rdacarrier
490 0 _aسلسلة كتب شهرية 79، 2018
650 4 _aالشعر الحديث - الاردن - الادب العربي
_958738
999 _aA26394
_c29962
_d29962